Economics : (Record no. 291279)
[ view plain ]
| 000 -LEADER | |
|---|---|
| fixed length control field | 00427nam a2200157Ia 4500 |
| 008 - FIXED-LENGTH DATA ELEMENTS--GENERAL INFORMATION | |
| fixed length control field | 160303s9999 xx 000 0 und d |
| 020 ## - INTERNATIONAL STANDARD BOOK NUMBER | |
| International Standard Book Number | 978-971-584-534-2 |
| 050 ## - LIBRARY OF CONGRESS CALL NUMBER | |
| Classification number | FIL HB 171.5 |
| 050 ## - LIBRARY OF CONGRESS CALL NUMBER | |
| Item number | .E26 2007 c.2 |
| 245 ## - TITLE STATEMENT | |
| Title | Economics : |
| 245 ## - TITLE STATEMENT | |
| Remainder of title | an introduction / |
| 245 ## - TITLE STATEMENT | |
| Statement of responsibility, etc | Amelia L. Bello… [et al] |
| 500 ## - GENERAL NOTE | |
| General note | Includes bibliographical references. |
| 650 ## - SUBJECT ADDED ENTRY--TOPICAL TERM | |
| Topical term or geographic name as entry element | Economics -- |
| 650 ## - SUBJECT ADDED ENTRY--TOPICAL TERM | |
| General subdivision | Study and teaching. |
| Withdrawn status | Lost status | Damaged status | Home library | Current library | Shelving location | Date acquired | Total Checkouts | Full call number | Barcode | Date last seen | Price effective from | Koha item type |
|---|---|---|---|---|---|---|---|---|---|---|---|---|
| South Mansfield College | South Mansfield College | Filipiniana Section | 01/09/2008 | FIL HB 171.5 .E26 2007 c.2 | SMC03764 | 03/03/2016 | 03/03/2016 |